Paṭakōṭṭi er̲umpu = (Record no. 178446)

MARC details
000 -LEADER
fixed length control field 01208nam a22003017i 4500
005 - DATE AND TIME OF LATEST TRANSACTION
control field 20200804120237.0
008 - FIXED-LENGTH DATA ELEMENTS--GENERAL INFORMATION
fixed length control field 200803s2017 ii a|||b |||| 00| 1 tam d
020 ## - INTERNATIONAL STANDARD BOOK NUMBER
Terms of availability RM12.60
Qualifying information paperback
040 ## - CATALOGING SOURCE
Original cataloging agency PPAK
Language of cataloging eng
Transcribing agency PPAK
Description conventions rda
082 04 - DEWEY DECIMAL CLASSIFICATION NUMBER
Edition number 23
Classification number 894.8113
090 00 - LOCALLY ASSIGNED LC-TYPE CALL NUMBER (OCLC); LOCAL CALL NUMBER (RLIN)
Classification number (OCLC) (R) ; Classification number, CALL (RLIN) (NR) 894.8113
Feature heading MAK
Feature heading K
100 1# - MAIN ENTRY--PERSONAL NAME
Personal name Makarova, Tatiana,
Relator term author.
245 10 - TITLE STATEMENT
Linkage 880-01
Title Paṭakōṭṭi er̲umpu =
Remainder of title Cum ant /
Statement of responsibility, etc. Tatiana Makarova ; editor: Saravanan Parthasarathy
246 33 - VARYING FORM OF TITLE
Title proper/short title Padakotti erumbu
264 #1 - PRODUCTION, PUBLICATION, DISTRIBUTION, MANUFACTURE, AND COPYRIGHT NOTICE
Place of production, publication, distribution, manufacture Chennai, India :
Name of producer, publisher, distributor, manufacturer Books for Children,
Date of production, publication, distribution, manufacture, or copyright notice 2017
300 ## - PHYSICAL DESCRIPTION
Extent 24 pages :
Other physical details color illustrations ;
Dimensions 17 x 19 cm
336 ## - CONTENT TYPE
Source rdacontent
Content type term text
337 ## - MEDIA TYPE
Source rdamedia
Media type term unmediated
338 ## - CARRIER TYPE
Source rdacarrier
Carrier type term volume
520 ## - SUMMARY, ETC.
Summary, etc. " Challenges faced by the ant who lost his home and its adventures ..." - Backcover.<br/>Fight between ants and ants. One of them demolished another's house. Homeless ants set out to build a new home.
650 10 - SUBJECT ADDED ENTRY--TOPICAL TERM
Topical term or geographic name entry element Children's stories, Tamil
Topical term or geographic name entry element Animals
Form subdivision Folklore
Topical term or geographic name entry element Ants
Form subdivision Juvenile literature
Topical term or geographic name entry element Tamil fiction
700 1# - ADDED ENTRY--PERSONAL NAME
Personal name Parthasarathy, Saravanan,
Relator term editor.
880 10 - ALTERNATE GRAPHIC REPRESENTATION
Linkage 245-01/$1
a படகோட்டி எறும்பு
942 ## - ADDED ENTRY ELEMENTS (KOHA)
Source of classification or shelving scheme Dewey Decimal Classification
Koha item type Book
Holdings
Withdrawn Not for loan Current library Shelving location Date acquired Full call number Barcode Date last seen Koha item type Total Checkouts Date last checked out
    Perpustakaan Alor Setar Pinjaman Kanak-kanak 02/09/2020 K 894.8113 MAK A01645733 02/09/2020 Book    
    Perpustakaan Kulim Pinjaman Kanak-kanak 02/09/2020 K 894.8113 MAK A01645734 10/08/2024 Book 2 27/07/2024